Spell the Marvel Hero #84 - Statistics

General Stats
  • This quiz has been taken 18 times
  • The average score is 8 of 11
Answer Stats
Picture Answer % Correct
Human Torch (Jim Hammond)
100%
Thor
100%
Shuri
88%
Elektra
81%
Okoye
81%
Ironheart
75%
Lockjaw
69%
U-Go Girl
69%
Energizer
63%
Silhouette
50%
Thundra
50%
No matching quizzes found
Score Distribution
Percent of People with Each Score
Percentile by Number Answered
Your Score History
You have not taken this quiz